NLSUI OPAC header image

Media and political conflict : (Record no. 16136)

MARC details
000 -LEADER
fixed length control field 01882cam a2200313 a 4500
001 - CONTROL NUMBER
control field 2578167
003 - CONTROL NUMBER IDENTIFIER
control field OSt
005 - DATE AND TIME OF LATEST TRANSACTION
control field 20210416112915.0
008 - FIXED-LENGTH DATA ELEMENTS--GENERAL INFORMATION
fixed length control field 960426s1997 enka b 001 0 eng
010 ## - LIBRARY OF CONGRESS CONTROL NUMBER
LC control number 96008611
020 ## - INTERNATIONAL STANDARD BOOK NUMBER
International Standard Book Number 0521580455
020 ## - INTERNATIONAL STANDARD BOOK NUMBER
International Standard Book Number 0521589673 (pbk.)
040 ## - CATALOGING SOURCE
Original cataloging agency DLC
Transcribing agency DLC
Modifying agency DLC
050 00 - LIBRARY OF CONGRESS CALL NUMBER
Classification number P95.8
Item number .W65 1997
082 00 - DEWEY DECIMAL CLASSIFICATION NUMBER
Classification number 302.23 WOL
Edition number 20
100 1# - MAIN ENTRY--PERSONAL NAME
Personal name Wolfsfeld, Gadi.
245 10 - TITLE STATEMENT
Title Media and political conflict :
Remainder of title news from the Middle East /
Statement of responsibility, etc. Gadi Wolfsfeld.
260 ## - PUBLICATION, DISTRIBUTION, ETC.
Place of publication, distribution, etc. Cambridge [England] ;
-- New York, NY, USA :
Name of publisher, distributor, etc. Cambridge University Press,
Date of publication, distribution, etc. 1997.
300 ## - PHYSICAL DESCRIPTION
Extent xiv, 255 p. :
Other physical details ill. ;
Dimensions 24 cm.
504 ## - BIBLIOGRAPHY, ETC. NOTE
Bibliography, etc. note Includes bibliographical references (p. 240-246) and index.
505 ## - FORMATTED CONTENTS NOTE
Formatted contents note Contents<br/>Introduction<br/>Part I. The Rules of Combat:<br/>1. The structural dimension: the struggle over access<br/>2. The cultural dimension: the struggle over meaning<br/>3. Media influence and political outcomes<br/>Part II. The Contests: <br/>4. Political movements and media access: the struggle against the Oslo Accord<br/>5. Competing frames of the Oslo Accord: a chance for peace or a national disaster?<br/>6. Controlling the media in insurrections and wars: the intifada and the Gulf war<br/>7. The contest over media frames in the intifada: David versus Goliath<br/>8. The cultural struggle over the Gulf war: Iraqi aggression or American imperialism?<br/>Part III. Conclusion:<br/>9. The multi-purpose arena<br/>Index<br/><br/>
650 #0 - SUBJECT ADDED ENTRY--TOPICAL TERM
Topical term or geographic name entry element Mass media
General subdivision Political aspects.
650 #0 - SUBJECT ADDED ENTRY--TOPICAL TERM
Topical term or geographic name entry element Press and politics.
856 42 - ELECTRONIC LOCATION AND ACCESS
Materials specified Publisher description
Uniform Resource Identifier <a href="http://www.loc.gov/catdir/description/cam027/96008611.html">http://www.loc.gov/catdir/description/cam027/96008611.html</a>
856 41 - ELECTRONIC LOCATION AND ACCESS
Materials specified Table of contents
Uniform Resource Identifier <a href="http://www.loc.gov/catdir/toc/cam021/96008611.html">http://www.loc.gov/catdir/toc/cam021/96008611.html</a>
906 ## - LOCAL DATA ELEMENT F, LDF (RLIN)
a 7
b cbc
c orignew
d 1
e ocip
f 19
g y-gencatlg
942 ## - ADDED ENTRY ELEMENTS (KOHA)
Source of classification or shelving scheme Dewey Decimal Classification
Koha item type BOOKs
Holdings
Withdrawn status Lost status Damaged status Not for loan Home library Current library Shelving location Date acquired Cost, normal purchase price Total Checkouts Full call number Barcode Date last seen Price effective from Koha item type
      Not For Loan . . On Display 30.05.2017 1040.52   302.23 WOL 16031 30.05.2017 30.05.2017 BOOKs